000 00522nam a22001817a 4500
003 OSt
005 20210205161905.0
008 210205b ||||| |||| 00| 0 eng d
020 _a0433124016
040 _aPHNSL
_cPHNSL
100 _aGoldstone, Leonard A.
245 _aUnderstsanding medical statistics /
_cLeonard A. Goldstone.
260 _aLondon :
_bELBS,
_c1983.
300 _ax, 181 p. :
_bill.
504 _aIncludes bibliographical references and index
650 _vMedical statistics
_xStatistics
942 _2lcc
_cBK
999 _c40
_d40